Almanaque agroecológico Arrayanes Curubital. Recuerdos Vivos: agua de páramo, fuente de vida

Saved in:
Bibliographic Details
Corporate Author: Jardín Botánico de Bogotá José Celestino Mutis (Author)
Format: Book
Language:Spanish
Published: Bogotá Jardín Botánico de Bogotá 2015
Edition:1a. ed
Subjects:
Tags: Add Tag
No Tags, Be the first to tag this record!

MARC

LEADER 00000cam a2200000 a 4500
001 UCD0715
003 CL-VaPUC
008 151210e20150000ck |||||||||||||||||spa|d
020 |a 9789588576244 
082 0 4 |a 630  |b JAR  |2 21 
110 2 |a Jardín Botánico de Bogotá José Celestino Mutis  |e author  |9 583718 
245 1 0 |a Almanaque agroecológico Arrayanes Curubital. Recuerdos Vivos: agua de páramo, fuente de vida 
250 |a 1a. ed 
300 |a 64 p 
942 |c BK 
945 |d 20151210 22:58:00  |a arojas 
260 |a Bogotá  |b Jardín Botánico de Bogotá  |c 2015 
500 |a Marzo de 2015 a febrero de 2016 
650 0 |a Ecología agrícola   |9 264266 
650 0 |a Almanaques  |9 324005 
650 0 |a Agroecología  |9 468551 
650 0 |a Agricultura orgánica   |9 418833 
583 |a last modification  |c 20151210 22:58:00  |k Rodrigo Vera 
999 |c 362177  |d 362175 
952 |0 0  |1 0  |3 erb  |4 0  |6 630_000000000000000_JAR_2015  |7 0  |8 C  |9 473133  |a BIBCUR  |b BIBCUR  |i 5256666  |o 630 JAR 2015  |p 5256666  |r 2025-04-22  |w 2019-11-24  |y BK  |z Catalogado en:20151210  |k CAC